Droga krajowa 11 miasta - Statystyki

Ogólne statystyki
  • Ten quiz został rozwiązany 91 razy
  • Średni wynik to 16 z 26
Statystyki odpowiedzi
Liczba mieszkańców Województwo Miasto % Poprawnych
532 048 Wielkopolskie Poznań
99%
105 801 Zachodniopomorskie Koszalin
85%
72 184 Wielkopolskie Piła
84%
71 560 Wielkopolskie Ostrów Wielkopolski
79%
39 705 Zachodniopomorskie Szczecinek
77%
163 225 Śląskie Bytom
75%
45 930 Zachodniopomorskie Kołobrzeg
71%
14 419 Wielkopolskie Kępno
70%
61 756 Śląskie Tarnowskie Góry
70%
26 353 Wielkopolskie Jarocin
68%
23 554 Opolskie Kluczbork
68%
18 375 Wielkopolskie Oborniki
66%
9 504 Opolskie Olesno
66%
23 655 Wielkopolskie Środa Wielkopolska
62%
24 518 Śląskie Lubliniec
59%
19 100 Wielkopolskie Chodzież
58%
7 784 Wielkopolskie Kórnik
55%
14 376 Wielkopolskie Ostrzeszów
55%
17 356 Wielkopolskie Pleszew
53%
3 961 Zachodniopomorskie Bobolice
51%
8 671 Wielkopolskie Jastrowie
47%
3 644 Opolskie Byczyna
40%
3 750 Wielkopolskie Ujście
37%
11 206 Wielkopolskie Rogoźno
32%
4 475 Wielkopolskie Budzyń
29%
3 983 Wielkopolskie Okonek
27%
Nie znaleziono quizów pasujących do podanych kryteriów
Rozkład punktacji
Procent ludzi z każdym wynikiem
Percentyl według liczby udzielonych odpowiedzi
Twoja historia wyników
Nie rozwiązałeś tego quizu